000 00531nam a22001577a 4500
082 _a621.31
_bSHA
100 _aShah, Syed Nasir Hussain (402208)
_9132310
245 _aNovel Infinite-Shape PCB Winding Planar Transformer for 5kW Dual Active Bridge in EV Charging Applications /
264 _aIslamabad :
_bUSPCAS-E, NUST
_cAugust, 2025
300 _axv, 43 p.
_e+CD
520 _aTH-658
650 _aMS EEP Thesis
650 _aMS Thesis
_918721
700 _aSupervisor: Dr. Hassan Abdullah Khalid
_9117474
942 _2ddc
_cTHE
999 _c615533
_d615533